Migration streams and the characteristics of the migrants in two selected cities of Uttar Pradesh (Record no. 17083)

MARC details
000 -LEADER
fixed length control field 00393nam a2200133Ia 4500
082 ## - DEWEY DECIMAL CLASSIFICATION NUMBER
Classification number RR.000;
100 ## - MAIN ENTRY--AUTHOR NAME
Personal name Rastogi, S.R.
245 #0 - TITLE STATEMENT
Title Migration streams and the characteristics of the migrants in two selected cities of Uttar Pradesh
260 ## - PUBLICATION, DISTRIBUTION, ETC. (IMPRINT)
Year of publication 1985
300 ## - PHYSICAL DESCRIPTION
Number of Pages 29p.
650 ## - SUBJECT ADDED ENTRY--TOPICAL TERM
Topical Term MIGRATION, INTERNAL - UTTAR PRADESH
710 ## - ADDED ENTRY--CORPORATE NAME
Corporate name or jurisdiction name as entry element Population Research Centre, Lucknow
942 ## - ADDED ENTRY ELEMENTS (KOHA)
Koha item type Research Reports
Source of classification or shelving scheme Dewey Decimal Classification
Holdings
Withdrawn status Lost status Damaged status Not for loan Home library Current library Date acquired Bill Date Full call number Accession Number Price effective from Koha item type
        NASSDOC Library NASSDOC Library 08/10/2004 2004-10-22 RR.000; 25103 18/04/2019 Research Reports
        NASSDOC Library NASSDOC Library 08/10/2004 2004-10-22 RR.000; 26073 18/04/2019 Books